000 00716 a2200193 4500
003 Nust
005 20221221091702.0
040 _cNust
082 _a323,RUS
100 _aRussell, Bertrand
_937020
245 _aFreedom and organization 1814-1914 /
_cBertrand Russell,
250 _a3rd ed
260 _aGeorge Allen & Unwin Ltd
_bLondon
_c1945
300 _a528 p
_billus
_c24 cm
505 _aPart I: The Principle of Legitimacy (Page-13), Part II: The March of Mind (Page-67), Part III: Democracy and Plutocracy In America (Page-259), Part IV: Nationalism and Imperialism (Page-389)
600 _aRussell, Bertrand
_937020
650 _aFreedom and organization 1814-1914
_9105435
942 _2ddc
_cBK
_k323,RUS
999 _c184247
_d184247